Quizzes for Jetpunk Badges - Statistics

General Stats
  • This quiz has been taken 8 times
    7 since last reset
  • The average score is 5 of 67
Answer Stats
Hint Answer % Correct
196 Badge {Countries} of the {World} Quiz
71%
Border Badge {Countries} by Borders in 90 {Seconds}
43%
Language Badge {Countries} by Languages in 90 {Seconds}
43%
Random Geography Badge Random {Capital} to {Country}
43%
French Badge {Biggest} {Cities} in France Quiz
29%
German Badge {Biggest} {Cities} in Germany Quiz
29%
Satellite Badge {Countries} by Satellite {Image} #1
29%
Random Geography Badge Random {Country} to {Capital}
29%
German Badge {States} of Germany
29%
History Badge {US} {Presidents} Quiz
29%
USA Badge {US} {Presidents} Quiz
29%
USA Badge {US} {States} Quiz
29%
Language Badge {Countries} with the {Most} Languages
14%
Math Wizard Badge {Fast} Math - {Multiplication} Quiz
14%
Satellite Badge {Islands} by Satellite {Image} #1
14%
French Badge {Regions} of France
14%
Border Badge {US} {States} by Borders in 30 {Seconds}
14%
Random Geography Badge {Word} {Scramble} - {Countries}
14%
World Capitals Badge {Asia} Capitals Quiz
0%
Population Badge {Biggest} {Cities} in {Europe} Quiz
0%
Population Badge {Biggest} {Cities} in the {United} {States} Quiz
0%
Population Badge {Biggest} {Cities} in the {World} Quiz
0%
Population Badge {Biggest} {Countries} by Population Quiz
0%
Satellite Badge {Bodies} of {Water} by Satellite {Image} #1
0%
Border Badge Border {Crossings} Quiz
0%
British Badge British {Prime} {Ministers} Quiz
0%
Satellite Badge {Cities} by Satellite #1
0%
British Badge {Cities} in the {United} {Kingdom}
0%
History Badge {Communist} {Countries} Quiz
0%
British Badge {Counties} of {England} Quiz
0%
French Badge {Countries} {Bordering} France
0%
German Badge {Countries} {Bordering} Germany
0%
Border Badge {Countries} Bordering {Russia} Quiz
0%
History Badge {Countries} in {World} {War} {II} Quiz
0%
Border Badge {Countries} with the {Longest} {Total} Borders
0%
British Badge {English} {Monarchs} Quiz
0%
History Badge {English} {Monarchs} Quiz
0%
World Capitals Badge {Europe} Capitals Quiz
0%
Math Wizard Badge {Fast} Math - {Addition} Quiz
0%
French Badge French {Animal} {Words} Quiz
0%
French Badge French {Food} {Words} Quiz
0%
History Badge {Greek} {Alphabet} Quiz
0%
Scientist Badge {International} {Scientific} {Units} Quiz
0%
Movie Maven Badge {James} {Bond} Movies Quiz
0%
Border Badge {Longest} {International} Borders
0%
Scientist Badge {Major} {Taxonomic} {Ranks} Quiz
0%
Movie Maven Badge Name the {Disney} {Animated} Movies
0%
Language Badge {Official} {EU} Languages
0%
Border Badge {One} Border {Countries} Quiz
0%
Movie Maven Badge {Oscar} {Best} {Actors} Quiz
0%
Movie Maven Badge {Oscar} {Best} {Actresses} Quiz
0%
Movie Maven Badge {Oscar} {Best} {Pictures} Quiz
0%
Scientist Badge {Periodic} {Table} of {Elements}
0%
Language Badge {Place} {Names} in their {Native} Language
0%
French Badge {Random} French {Words}
0%
German Badge {Random} German {Words}
0%
Math Wizard Badge {Roman} {Numeral} {Decoding} Quiz
0%
Satellite Badge Satellite {Images} - {Europe}
0%
Satellite Badge Satellite {Images} - {Island} {Chains}
0%
History Badge {Shakespeare's} {Plays} Quiz
0%
Scientist Badge {Solar} {System} Quiz
0%
World Capitals Badge {South} {America} Capitals Quiz
0%
Language Badge {Top} {World} Languages Quiz
0%
USA Badge {US} {State} {Capitals} Quiz
0%
German Badge {Which} {City} in Germany?
0%
Random Geography Badge {Word} {Scramble} - {National} {Capitals}
0%
History Badge {Ye} {Olde} {Professions} Quiz
0%
No matching quizzes found
Score Distribution
Percent of People with Each Score
Percentile by Number Answered
Your Score History
You have not taken this quiz since the last reset